Traduction de vocabulaire en anglais - Statistiques

Statistiques générales
  • Ce quiz a été pris 697 fois
  • Le résultat moyen est 14 sur 15
Statistiques - réponses
Hint Réponse % Correct
Where
99%
Blanc White
99%
Année Year
98%
Thé Tea
97%
Utile Useful
97%
Connaître/savoir Know
96%
Utiliser Use
96%
Voix Voice
96%
Cent Hundred
95%
Police Police
94%
Vouloir Want
94%
Épouse Wife
90%
Meurtre Murder
85%
Connu Famous
81%
Serveur Waiter
57%
Aucun quiz correspondant
Distribution des résultats
% des personnes avec chaque résultat
Percentile par nombre de réponses
Votre historique - résultats
Vous n’avez pas pris ce quiz